000 00863nam a2200265Ia 4500
001 40294
005 20230411085955.0
008 910827s1978 dr 000 0 spa d
035 _a(OCoLC)ocm24296147
040 _aUIU
_cUIU
035 _a(OCoLC)24296147
043 _aa-ja---
_anwdr---
092 0 _a330.952
_bC333p
_219
049 _aGRAL
110 2 _aCentro Dominicano de Promoción de Exportaciones.
245 1 0 _aPerfil de mercado, Japón /
_cCentro Dominicano de Promoción de Exportaciones.
260 _aSanto Domingo, Repâublica Dominicana :
_bEl Centro,
_c[1978?]
300 _a3, 39 leaves ;
_c27 cm.
651 0 _aJapan
_xCommercial policy.
651 0 _aJapan
_xCommerce
_zDominican Republic.
651 0 _aDominican Republic
_xCommerce
_zJapan.
651 0 _aJapan
_xEconomic conditions
_y1945-
942 _2lcc
_cbk
994 _aC0
_bDRFGD
999 _c110296
_d110296